Kiến trúc cơ sở phục vụ thiết kế nội ngoại thất
保存先:
| 第一著者: | |
|---|---|
| フォーマット: | 図書 |
| 言語: | Undetermined |
| 出版事項: |
Hà Nội
Xây dựng
2006
|
| 主題: | |
| タグ: |
タグ追加
タグなし, このレコードへの初めてのタグを付けませんか!
|
| Thư viện lưu trữ: | Trung tâm Học liệu Trường Đại học Cần Thơ |
|---|
| LEADER | 00583nam a2200193Ia 4500 | ||
|---|---|---|---|
| 001 | CTU_101406 | ||
| 008 | 210402s9999 xx 000 0 und d | ||
| 020 | |c 58000 | ||
| 082 | |a 747 | ||
| 082 | |b Th304 | ||
| 100 | |a Nguyễn, Đức Thiềm | ||
| 245 | 0 | |a Kiến trúc cơ sở phục vụ thiết kế nội ngoại thất | |
| 245 | 0 | |c Nguyễn Đức Thiềm | |
| 260 | |a Hà Nội | ||
| 260 | |b Xây dựng | ||
| 260 | |c 2006 | ||
| 650 | |a Interior decoration | ||
| 904 | |i Tuyến | ||
| 980 | |a Trung tâm Học liệu Trường Đại học Cần Thơ | ||